Loading...
| History - American History | 0 | 4 | 0 | 1 | 40 | 44 | 65.50 | 0 | 2 |
| Pop Culture | 0 | 3 | 0 | 2 | 30 | 74 | 94.67 | 0 | 0 |
| History - Other History | 0 | 4 | 4 | 1 | 20 | 63 | 81.25 | 0 | 0 |
| Literature - American Literature | 0 | 2 | 0 | 0 | 20 | 30 | 55.00 | 0 | 2 |
| Religion | 0 | 2 | 0 | 1 | 20 | 104 | 104.50 | 1 | 2 |
| Current Events | 0 | 1 | 0 | 1 | 10 | 106 | 106.00 | 0 | 0 |
| Geography | 0 | 1 | 0 | 0 | 10 | 91 | 91.00 | 0 | 0 |
| History - European History | 0 | 1 | 0 | 0 | 10 | 62 | 62.00 | 0 | 1 |
| History - World History | 0 | 1 | 0 | 0 | 10 | 50 | 50.00 | 0 | 0 |
| Philosophy | 0 | 1 | 0 | 1 | 10 | 87 | 87.00 | 0 | 1 |
| Science - Biology | 0 | 1 | 0 | 0 | 10 | 67 | 67.00 | 0 | 1 |
| Science - Chemistry | 0 | 1 | 0 | 1 | 10 | 81 | 81.00 | 0 | 0 |
| Social Science | 0 | 1 | 0 | 0 | 10 | 39 | 39.00 | 1 | 1 |
| Fine Arts - Other Fine Arts | 0 | 1 | 1 | 0 | 5 | 55 | 55.00 | 0 | 1 |
| Literature - British Literature | 0 | 1 | 2 | 0 | 0 | 81 | 81.00 | 0 | 0 |
| Science - Physics | 0 | 0 | 2 | 0 | -10 | 0.00 | 0 | 0 | |
| Science - Other Science | 0 | 0 | 2 | 0 | -10 | 0.00 | 0 | 0 |